Sports Quiz

Random Sports or MLB Quiz
Score 0/21 Timer 10:00
0 Plays Today
Team Name % Correct
1941 YankeesJoe Dimaggio
94.5%
1938 YankeesJoe Dimaggio
94.5%
1939 YankeesJoe Dimaggio
94.5%
1934 YankeesLou Gehrig
91.8%
1950 YankeesYogi Berra
87.7%
1951 YankeesYogi Berra
87.7%
1955 YankeesYogi Berra
87.7%
1941 Red SoxTed Williams
84.9%
1925 BrownsKen Williams
83.6%
1954 RedsTed Kluszewski
57.5%
1936 YankeesBill Dickey
53.4%
Team Name % Correct
1948 IndiansLou Boudreau
42.5%
1935 RedsErnie Lombardi
41.1%
1938 RedsErnie Lombardi
41.1%
1945 GiantsErnie Lombardi
41.1%
1901 AthelticsNap Lajoie
32.9%
1927 AthleticsMickey Cochrane
30.1%
1929 PhilliesLefty O'Doul
28.8%
1945 BravesTommy Holmes
24.7%
1932 YankeesJoe Sewell
21.9%
1926 Giants/CardinalsBilly Southworth
8.2%
Remove Ads.
Support Sporcle.
Get the best of Sporcle when you Go Orange. This ad-free experience offers more features, more stats, and more fun while also helping to support Sporcle. Thank you for becoming a member.

You're not logged in!

Compare scores with friends on all Sporcle quizzes.
OR
Log In

Show Comments

Extras

Top Quizzes Today


Score Distribution

Your Account Isn't Verified!

In order to create a playlist on Sporcle, you need to verify the email address you used during registration. Go to your Sporcle Settings to finish the process.

Report this User

Report this user for behavior that violates our Community Guidelines.

Details: